al-Sharq al-jadīd / (Record no. 47166)

MARC details
000 -LEADER
fixed length control field 00649cam a22002171a 4500
001 - CONTROL NUMBER
control field ne 64001586
003 - CONTROL NUMBER IDENTIFIER
control field DLC
005 - DATE AND TIME OF LATEST TRANSACTION
control field 20260227111801.0
008 - FIXED-LENGTH DATA ELEMENTS--GENERAL INFORMATION
fixed length control field 890331s1962 ua b 000 0 arar
010 ## - LIBRARY OF CONGRESS CONTROL NUMBER
LC control number ne 64001586
035 ## - SYSTEM CONTROL NUMBER
System control number (OCoLC)23504193
040 ## - CATALOGING SOURCE
Original cataloging agency DLC
Transcribing agency MiU
Modifying agency DLC
050 00 - LIBRARY OF CONGRESS CALL NUMBER
Classification number CB251
Item number .H36 1963
100 1# - MAIN ENTRY--PERSONAL NAME
Personal name Haykal, Muḥammad Ḥusayn,
Dates associated with a name 1888-1956.
245 13 - TITLE STATEMENT
Title al-Sharq al-jadīd /
Statement of responsibility, etc. Muḥammad Ḥusayn Haykal.
260 ## - PUBLICATION, DISTRIBUTION, ETC.
Place of publication, distribution, etc. al-Qāhirah :
Name of publisher, distributor, etc. Maktabat al-Nahḍah al-Miṣrīyah,
Date of publication, distribution, etc. [al-Muqaddimah 1962]
300 ## - PHYSICAL DESCRIPTION
Extent 297, [6] p.
504 ## - BIBLIOGRAPHY, ETC. NOTE
Bibliography, etc. note Bibliography: p. [300]-[301]
650 #0 - SUBJECT ADDED ENTRY--TOPICAL TERM
Topical term or geographic name entry element Civilization.
650 #0 - SUBJECT ADDED ENTRY--TOPICAL TERM
Topical term or geographic name entry element East and West.

No items available.

Powered by Koha